000 00914nam a22002775a 4500
005 20150726113320.0
008 150628s2013 ii a fr 001 0 eng d
020 _a9788121998505
020 _a8121998506
040 _aEG-ScBUE
_beng
_cEG-ScBUE
082 0 4 _a005.453
_bSAX
_222
100 1 _aSaxena, Sandeep
_938241
245 1 0 _aCompiler design /
_cSandeep Saxena, Rajkumar Singh Rathore.
_b
250 _a1st ed.
260 _aNew Delhi :
_bS. Chand & Company PVT. LTD,
_c2013.
300 _a417 p. :
_bill. ;
_c25 cm.
500 _aIndex : p. 415-417.
521 _aFor the students of B. E. / B. Tech. & MCA.
650 7 _aCompilers (Computer programs)
_2BUEsh
_913036
650 7 _aComputer software
_xDevelopment.
_2BUEsh
_911535
651 _2BUEsh
653 _bCOMSCI
_cJune2015
_cJuly2015
655 _vreading book
_934232
700 1 _aRathore, Rajkumar Singh.
942 _2ddc
_k005.453 SAX
999 _c19952
_d19924